Trouve ces 10 groupes de Kpop en 3 lettres - rapidité - Statistiques

Statistiques générales
  • Ce quiz a été pris 284 fois
  • Le résultat moyen est 3 sur 10
Statistiques - réponses
Hint Réponse % Correct
8 BTS
83%
5 TXT
55%
3 EXO
44%
2 IVE
42%
1 NCT
41%
10 2PM
24%
4 2AM
22%
9 CIX
14%
6 NJZ
8%
7 SF9
8%
Aucun quiz correspondant
Distribution des résultats
% des personnes avec chaque résultat
Percentile par nombre de réponses
Votre historique - résultats
Vous n’avez pas pris ce quiz